[Event "EWIRCC 2019"]
[Site "Monte-Carlo"]
[Date "2019.12.01"]
[Round "10.2"]
[White "Zhukova, Natalia"]
[Black "Rogule, Laura"]
[Result "1-0"]
[WhiteElo "2323"]
[BlackElo "2293"]
[Annotator "NA"]
[PlyCount "71"]
[EventDate "2019.11.28"]
[EventType "swiss"]
[EventCountry "MNC"]
[SourceTitle "playchess.com"]
[Source "ChessBase"]
[SourceQuality "1"]
[TimeControl "5400+30"]

1. c4 {[%emt 1:15:12]} e5 {[%emt 1:15:14]} 2. Nc3 {[%emt 0:00:21]} Nf6 {[%emt 0:00:22]} 3. Nf3 {[%emt 0:00:23]} Nc6 {[%emt 0:00:27]} 4. e4 {[%emt 0:00:22]} Bb4 {[%emt 0:01:04]} 5. d3 {[%emt 0:00:22]} d6 {[%emt 0:00:25]} 6. a3 {[%emt 0:00:22]} Bc5 {[%emt 0:00:44]} 7. b4 {[%emt 0:00:23]} Bb6 {[%emt 0:00:41]} 8. Na4 {[%emt 0:00:23]} Bd4 {[%emt 0:03:28]} 9. Rb1 {[%emt 0:01:42]} h6 {[%emt 0:01:39]} 10. b5 {[%emt 0:02:21]} Ne7 {[%emt 0:00:25]} 11. Nxd4 {[%emt 0:00:23]} exd4 {[%emt 0:00:21]} 12. Be2 {[%emt 0:00:31]} c5 {[%emt 0:01:31]} 13. bxc6 {[%emt 0:01:04]} bxc6 {[%emt 0:00:48]} 14. O-O {[%emt 0:00:24]} Nd7 {[%emt 0:03:55]} 15. Bf4 {[%emt 0:02:35]} Nb6 {[%emt 0:01:47]} 16. c5 {[%emt 0:04:08]} Nxa4 {[%emt 0:01:06]} 17. Qxa4 {[%emt 0:00:28]} dxc5 {[%emt 0:00:35]} 18. Rfc1 {[%emt 0:00:35]} O-O {[%emt 0:00:51]} 19. Rxc5 {[%emt 0:00:26]} Be6 {[%emt 0:01:05]} 20. Be5 {[%emt 0:02:13]} Ng6 {[%emt 0:00:30]} 21. Bg3 {[%emt 0:00:33]} Qf6 {[%emt 0:02:09]} 22. Bf1 {[%emt 0:02:24]} Rfc8 {[%emt 0:01:05]} 23. Rxc6 {[%emt 0:01:45]} h5 {[%emt 0:00:36]} 24. Rxc8+ {[%emt 0:00:39]} Rxc8 {[%emt 0:00:30]} 25. Rb8 {[%emt 0:00:51]} h4 {[%emt 0:00:51]} 26. Rxc8+ {[%emt 0:00:27]} Bxc8 {[%emt 0:00:21]} 27. Bb8 {[%emt 0:00:53]} Bg4 {[%emt 0:00:45]} 28. h3 {[%emt 0:00:52]} Be6 {[%emt 0:00:29]} 29. Bxa7 {[%emt 0:00:34]} Nf4 {[%emt 0:00:29]} 30. Qxd4 {[%emt 0:00:38]} Qg5 {[%emt 0:00:29]} 31. Kh2 {[%emt 0:00:32]} Nxh3 {[%emt 0:00:34]} 32. gxh3 {[%emt 0:00:24]} Qf4+ {[%emt 0:00:24]} 33. Kh1 {[%emt 0:00:48]} Qf3+ {[%emt 0:00:33]} 34. Bg2 {[%emt 0:00:21]} Qd1+ {[%emt 0:00:28]} 35. Kh2 {[%emt 0:00:21]} Kh7 {[%emt 0:00:25]} 36. Qe3 {[%emt 0:00:27]} 1-0

[Event "EWIRCC 2019"]
[Site "Monte-Carlo"]
[Date "2019.12.01"]
[Round "10.3"]
[White "Cramling, Pia"]
[Black "Muzychuk, Anna"]
[Result "1/2-1/2"]
[WhiteElo "2443"]
[BlackElo "2543"]
[Annotator "ChessBase"]
[PlyCount "63"]
[EventDate "2019.11.28"]
[EventType "swiss"]
[EventCountry "MNC"]
[SourceTitle "playchess.com"]
[Source "ChessBase"]
[SourceQuality "1"]
[TimeControl "5400+30"]

1. Nf3 {[%emt 1:15:11]} c5 {[%emt 1:15:19]} 2. c4 {[%emt 0:00:24]} Nc6 {[%emt 0:00:26]} 3. d4 {[%emt 0:00:24]} cxd4 {[%emt 0:00:23]} 4. Nxd4 {[%emt 0:00:21]} Nf6 {[%emt 0:00:21]} 5. Nc3 {[%emt 0:00:23]} e6 {[%emt 0:00:22]} 6. a3 {[%emt 0:00:55]} Be7 {[%emt 0:00:35]} 7. g3 {[%emt 0:00:26]} b6 {[%emt 0:06:01]} 8. Nxc6 {[%emt 0:01:58]} dxc6 {[%emt 0:00:25]} 9. Qxd8+ {[%emt 0:00:23]} Bxd8 {[%emt 0:00:26]} 10. Bg2 {[%emt 0:00:22]} Bb7 {[%emt 0:01:04]} 11. Nb5 {[%emt 0:00:52]} Ke7 {[%emt 0:00:57]} 12. Bf4 {[%emt 0:00:35]} Ne8 {[%emt 0:00:25]} 13. O-O-O {[%emt 0:01:27]} a6 {[%emt 0:00:29]} 14. Nd6 {[%emt 0:00:55]} Nxd6 {[%emt 0:00:23]} 15. Bxd6+ {[%emt 0:00:33]} Ke8 {[%emt 0:00:21]} 16. Rd3 {[%emt 0:01:48]} h5 {[%emt 0:01:03]} 17. h4 {[%emt 0:00:31]} g5 {[%emt 0:00:27]} 18. hxg5 {[%emt 0:00:37]} Bxg5+ {[%emt 0:00:22]} 19. f4 {[%emt 0:00:31]} Bf6 {[%emt 0:00:51]} 20. c5 {[%emt 0:01:41]} b5 {[%emt 0:01:30]} 21. Bf3 {[%emt 0:01:34]} h4 {[%emt 0:00:44]} 22. g4 {[%emt 0:00:40]} Rd8 {[%emt 0:00:47]} 23. e4 {[%emt 0:00:52]} e5 {[%emt 0:00:28]} 24. g5 {[%emt 0:00:27]} Be7 {[%emt 0:00:26]} 25. Kc2 {[%emt 0:03:08]} exf4 {[%emt 0:01:06]} 26. Be5 {[%emt 0:00:58]} Rxd3 {[%emt 0:00:49]} 27. Kxd3 {[%emt 0:00:21]} Rg8 {[%emt 0:00:21]} 28. Rxh4 {[%emt 0:00:47]} Bxg5 {[%emt 0:00:48]} 29. Rg4 {[%emt 0:00:48]} Rg6 {[%emt 0:01:17]} 30. Bxf4 {[%emt 0:01:29]} Be7 {[%emt 0:00:47]} 31. b4 {[%emt 0:00:37]} Bc8 {[%emt 0:00:24]} 32. Rxg6 {[%emt 0:00:32]} 1/2-1/2

[Event "EWIRCC 2019"]
[Site "Monte-Carlo"]
[Date "2019.12.01"]
[Round "10.4"]
[White "Paehtz, Elisabeth"]
[Black "Muzychuk, Mariya"]
[Result "1-0"]
[WhiteElo "2484"]
[BlackElo "2552"]
[Annotator "TA"]
[PlyCount "73"]
[EventDate "2019.11.28"]
[EventType "swiss"]
[EventCountry "MNC"]
[SourceTitle "playchess.com"]
[Source "ChessBase"]
[SourceQuality "1"]

{[%evp 12,87,0,2,16,0,22,14,21,16,20,11,33,33,37,47,21,0,27,34,38,23,29,10,30,0,0,0,0,0,56,60,75,0,0,-4,93,106,674,656,687,653,643,617,1054,1036,995,992,999,994,999,993,984,977,849,798,798,796,771,641,1152,1164,1146,1148,1152,1125,961,1013,2227,1987,1899,1569,1825,1431,5214,5214,5097,4727]} 1. d4 Nf6 2. Nf3 g6 3. Bg5 Bg7 4. Nbd2 d5 5. e3 O-O 6. c3 b6 7. Be2 Bb7 {D03: 1 d4 d5 2 Nf3 Nf6 3 Bg5, including Torre Attack with early ...d5} (7... c5 8. O-O Nc6 9. Qa4 Bb7 10. Qa3 Nd7 11. b4 cxb4 12. cxb4 f6 13. Bh4 Qe8 14. Nb3 e5 15. b5 Nd8 {1-0 (54) Paehtz,E (2470)-Muzychuk,M (2563) Hengshui 2019}) 8. b4 Ne4 9. Nxe4 dxe4 {The position is equal.} 10. Nd2 $1 h6 11. Bh4 Nd7 12. O-O g5 13. Bg3 e5 14. f3 exf3 $146 ({Predecessor:} 14... exd4 15. cxd4 Qe7 16. Qb3 exf3 17. Bxf3 Bxf3 18. Nxf3 c5 19. bxc5 bxc5 {½-½ (47) Kocovski,I (2350)-Cetkovic,M Kladovo 1989}) 15. Bxf3 Bxf3 16. Qxf3 f5 17. Qd5+ Kh8 $1 18. Nc4 {[%cal Rd4e5]} f4 19. Bf2 exd4 20. exf4 Rxf4 (20... dxc3 $11 21. fxg5 Qxg5 22. Qxd7 Rxf2 23. Rxf2 c2) 21. g3 $36 {[%mdl 2048] White has the initiative.} c6 22. Qd6 (22. Qg2 $16 Rxf2 23. Qxf2 (23. Rxf2 dxc3 24. Rd1 Qg8 $11)) 22... Rf6 $11 23. Qxd4 Rf3 (23... b5 $11 {remains equal.} 24. Na5 Ne5 25. Qxd8+ (25. Qxe5 Rxf2 26. Qe4 Qd5 $11) 25... Rxd8) 24. Qe4 $1 {[%csl LRc6,LRf3][%mdl 64] [#] Double Attack} Rxc3 $2 {[%mdl 8192]} (24... Rf8 $16) 25. Bd4 $18 {And now Nd6 would win.White is clearly winning.} Nf6 26. Rxf6 Bxf6 27. Ne5 {Intending Nf7+ and mate.} Rc4 28. Nf7+ {[%mdl 64] [#] Double Attack} Kg7 29. Nxd8 {White threatens Bxf6+ and mate.} Bxd4+ 30. Kh1 Bxa1 31. Ne6+ ({Not} 31. Qxc4 Rxd8 32. Qxc6 Rf8 $16) 31... Kf6 32. Qxc4 Re8 33. Qf1+ Kxe6 34. Qxa1 {[%mdl 4096] Endgame KQ-KR} Kd5 35. Qc3 c5 36. Qd3+ Kc6 37. b5+ {Played: Qd3-g6} 1-0

[Event "EWIRCC 2019"]
[Site "Monte-Carlo"]
[Date "2019.12.01"]
[Round "10.5"]
[White "Osmak, Iulija"]
[Black "Stefanova, Antoaneta"]
[Result "1/2-1/2"]
[WhiteElo "2401"]
[BlackElo "2481"]
[Annotator "TA"]
[PlyCount "193"]
[EventDate "2019.11.28"]
[EventType "swiss"]
[EventCountry "MNC"]
[SourceTitle "playchess.com"]
[Source "ChessBase"]
[SourceQuality "1"]

{[%evp 12,193,25,15,12,0,48,30,39,34,36,27,41,51,59,45,60,57,64,66,57,37,75,-66,-88,-107,-21,-75,-77,-86,-73,-60,-64,-139,-104,-106,-7,-84,-78,-64,-63,-56,-67,-67,-60,-205,-205,-205,-195,-178,15,9,9,20,209,209,209,229,231,223,267,260,266,231,285,289,618,388,349,0,529,316,438,358,413,200,194,177,175,179,190,177,159,158,162,141,130,130,149,141,152,133,134,114,116,124,110,114,126,130,124,68,127,108,110,113,158,161,186,103,118,133,129,0,77,74,158,158,158,158,158,158,158,158,207,110,136,0,191,199,647,633,593,593,852,523,477,308,587,575,803,837,12841,502,12843,42,52,43,35,34,34,34,34,0,0,0,34,34,34,34,34,34,34,34,40,34,34,34,40,34,41,41,41,41,47,34,34,34,34,0,34,0,34,0]} 1. d4 d5 2. c4 c6 3. cxd5 cxd5 4. Nc3 Nf6 5. Bf4 a6 6. e3 Nc6 7. Be2 Bf5 {D10: Slav Defence: 3 cxd5 (without early Nf3) and 3 Nc3} (7... e6 8. Rc1 Be7 9. h3 O-O 10. Nf3 b5 11. O-O Bb7 12. Bd3 Rc8 13. Qe2 Qa5 14. a3 b4 15. axb4 Nxb4 {1-0 (75) Li,C (2732)-Duda,J (2724) Liaocheng 2018}) 8. g4 Be6 9. Bf3 h6 {White has an edge.} 10. h4 g6 $146 ({Predecessor:} 10... Qb6 11. g5 hxg5 12. hxg5 Rxh1 13. Bxh1 Nh5 14. Bh2 Rd8 15. Nge2 {½-½ (106) Glavina,P (2435)-Kogan,A (2539) Zaragoza 2003}) 11. g5 hxg5 12. hxg5 Rxh1 13. Bxh1 Nh5 14. Bh2 Na5 15. Nge2 Rc8 16. Bf3 Bf5 17. Bxh5 ({Better is} 17. Nxd5 $16 e6 18. Ndc3 Qxg5 19. Qa4+ Nc6 20. d5 exd5 21. Nxd5) 17... gxh5 $15 18. Nf4 Qb6 (18... e6 $17 19. Qxh5 Qb6) 19. Qe2 (19. Nxh5 $2 Qxb2 20. Nxd5 Rc2 $19) (19. Nfxd5 $11 {keeps the balance.} Qxb2 20. Na4) 19... e6 $1 $17 {...Nc4 is the strong threat.} 20. Nxh5 Nc4 21. Nf6+ Kd8 {[%mdl 1024] Black has compensation.} 22. Nd1 (22. e4 $1 $15 dxe4 23. Ncxe4) 22... Qb4+ 23. Kf1 Bh3+ 24. Kg1 Qd2 25. Qxd2 Nxd2 26. Nc3 Nf3+ 27. Kh1 Be7 {Strongly threatening ...Bxf6.} 28. Rc1 (28. Be5 $1 $15) 28... Bxf6 $1 $19 ({Resist} 28... Nxg5 29. Be5 $17) 29. gxf6 Kd7 {And now ...Rg8 would win.} 30. Ne2 Rh8 $2 (30... Rg8 $1 $19 {[%csl Gg8][%cal Rh3g2]} 31. Ng3 Rg6) 31. Rc7+ $11 {[%mdl 64] Double Attack} Kd8 {( -> ...Bf1!)} 32. Rxb7 Rh7 $2 (32... e5 $1 $11 {and Black is okay.} 33. Ng1 (33. dxe5 $2 Bc8 $19) 33... Bc8 34. Nxf3 Bxb7) 33. Ng1 $18 Bg4 {[%csl Gf3][%cal Rh7h2]} 34. Nxf3 Bxf3+ {[%mdl 4096] Endgame KRB-KRB} 35. Kg1 Ke8 36. Re7+ Kd8 37. Ra7 a5 38. a4 ({But not} 38. Rxa5 Rh6 $18) 38... Ke8 $2 (38... Rh6 39. Rxf7 Rg6+ 40. Kf1 Rh6 41. Bc7+ Kc8) 39. Re7+ Kd8 40. Ra7 (40. b4 $142 axb4 41. a5) 40... Ke8 41. Rxa5 Rh6 42. Ra8+ Kd7 43. Rg8 (43. Ra7+ $142 Ke8 44. Re7+ Kd8 45. Rxf7 Rg6+ 46. Kf1) 43... Rxf6 44. Rh8 Rg6+ 45. Bg3 e5 46. dxe5 Rb6 47. Kh2 Rxb2 48. Rh4 Rb1 {[%csl Gf3][%cal Rb1h1]} 49. Kh3 Rh1+ 50. Bh2 Be4 51. Rf4 Ke7 52. f3 Bc2 53. Rd4 Ke6 54. Rb4 Ra1 55. Rb6+ Ke7 56. Rd6 (56. Bf4 $16) 56... Bf5+ ({Black should try} 56... Bxa4 $14 57. Bf4 (57. Rxd5 Bc6 $11) 57... Bd7+ 58. Kg3 Be6 59. Bg5+ Kf8) 57. Kg3 Be6 58. Ra6 Bd7 59. a5 $1 Bb5 60. Ra7+ ({White should play} 60. Rd6 $1 $18) 60... Ke6 $16 61. Kg4 Be2 62. Kg3 (62. Rb7 $16) 62... Rf1 (62... Bb5 $1 $11) 63. f4 Bd3 (63... Ra1 $142) 64. Rb7 Ra1 65. Rb6+ Ke7 66. Kg4 Rxa5 67. Bg3 Be2+ 68. Kh3 (68. Kg5 $1 $18) 68... Bf1+ 69. Kg4 (69. Kh4 $1 $16) 69... Be2+ $1 $18 70. Kg5 Ra6 $2 (70... Rb5 71. Rd6 Rb8) 71. Rb7+ Kf8 72. f5 Bd3 73. Bf4 Be4 74. Kg4 Kg8 $2 (74... d4) 75. Rc7 Ra1 {intending ...Rg1+.} 76. Kg5 Ra6 {[#]} 77. Bg3 (77. e6 $142 $1 {[%mdl 512] White wants to mate with Rc8+.} fxe6 78. f6) 77... Rb6 {[#]} (77... Kf8 $142 78. Be1 Rb6) 78. Be1 $2 ({Only move:} 78. e6 $1 $18 {[%mdl 512] White threatens Rc8+ and mate.} fxe6 79. f6) 78... Rb1 $1 $14 79. Bc3 Rf1 $1 80. f6 (80. Rd7 {is interesting.} Rxf5+ 81. Kh6 Kf8 82. Bb4+ Ke8 83. Re7+) 80... Bf5 81. Bd4 Be6 82. Ra7 Kh7 83. Ra2 Rg1+ 84. Kf4 Rf1+ 85. Kg3 Rg1+ 86. Kf2 Rh1 {White must now prevent ...Rh2+.} 87. Kg2 Rd1 88. Rf2 Kg6 89. Kf3 Rg1 90. Rh2 Rf1+ 91. Ke2 Rg1 92. Rh8 {Threatens to win with Rg8+.} Rb1 93. Kf2 Rc1 94. Kg3 Rg1+ 95. Kf2 Rc1 96. Kg3 Rg1+ 97. Kf2 {Accuracy: White = 48%, Black = 47%.} 1/2-1/2

[Event "EWIRCC 2019"]
[Site "Monte-Carlo"]
[Date "2019.12.01"]
[Round "10.6"]
[White "Chiburdanidze, Maia"]
[Black "Batsiashvili, Nino"]
[Result "1/2-1/2"]
[WhiteElo "2500"]
[BlackElo "2422"]
[Annotator "ChessBase"]
[PlyCount "66"]
[EventDate "2019.11.28"]
[EventType "swiss"]
[EventCountry "MNC"]
[SourceTitle "playchess.com"]
[Source "ChessBase"]
[SourceQuality "1"]
[TimeControl "5400+30"]

1. d4 {[%emt 1:15:12]} Nf6 {[%emt 1:15:11]} 2. Nf3 {[%emt 0:00:21]} d5 {[%emt 0:00:27]} 3. c4 {[%emt 0:00:23]} e6 {[%emt 0:00:22]} 4. e3 {[%emt 0:00:23]} g6 {[%emt 0:00:40]} 5. Bd3 {[%emt 0:00:35]} Bg7 {[%emt 0:00:22]} 6. O-O {[%emt 0:00:29]} O-O {[%emt 0:00:22]} 7. Nc3 {[%emt 0:00:24]} Nbd7 {[%emt 0:01:11]} 8. b3 {[%emt 0:01:25]} c5 {[%emt 0:00:35]} 9. cxd5 {[%emt 0:00:37]} exd5 {[%emt 0:00:32]} 10. Bb2 {[%emt 0:00:25]} b6 {[%emt 0:00:49]} 11. Rc1 {[%emt 0:00:41]} Bb7 {[%emt 0:00:30]} 12. Na4 {[%emt 0:01:17]} Rc8 {[%emt 0:00:29]} 13. Ba3 {[%emt 0:00:33]} Ne4 {[%emt 0:00:52]} 14. dxc5 {[%emt 0:01:06]} Ndxc5 {[%emt 0:02:17]} 15. Nxc5 {[%emt 0:01:25]} bxc5 {[%emt 0:00:40]} 16. Bxe4 {[%emt 0:00:53]} dxe4 {[%emt 0:00:23]} 17. Nd2 {[%emt 0:00:21]} Qd3 {[%emt 0:03:44]} 18. Nc4 {[%emt 0:00:36]} Rfd8 {[%emt 0:00:22]} 19. Qxd3 {[%emt 0:00:32]} exd3 {[%emt 0:00:30]} 20. Rfd1 {[%emt 0:00:51]} Ba6 {[%emt 0:00:37]} 21. Rd2 {[%emt 0:01:07]} Rd5 {[%emt 0:00:59]} 22. Bb2 {[%emt 0:01:52]} Bxc4 {[%emt 0:01:02]} 23. bxc4 {[%emt 0:00:27]} Rd6 {[%emt 0:00:22]} 24. Bxg7 {[%emt 0:00:29]} Kxg7 {[%emt 0:00:21]} 25. Rb1 {[%emt 0:01:16]} Rcd8 {[%emt 0:00:52]} 26. f3 {[%emt 0:00:32]} Ra6 {[%emt 0:01:12]} 27. Rb5 {[%emt 0:02:13]} Rc8 {[%emt 0:00:26]} 28. Rb3 {[%emt 0:01:07]} Ra4 {[%emt 0:00:40]} 29. Rdxd3 {[%emt 0:00:55]} Rxc4 {[%emt 0:00:27]} 30. Rd7 {[%emt 0:00:23]} Rc1+ {[%emt 0:00:41]} 31. Kf2 {[%emt 0:00:21]} Rc2+ {[%emt 0:00:22]} 32. Kg3 {[%emt 0:00:20]} Rxa2 {[%emt 0:00:21]} 33. Rbb7 {[%emt 0:00:22]} Rf8 {[%emt 0:07:50]} 1/2-1/2

[Event "EWIRCC 2019"]
[Site "Monte-Carlo"]
[Date "2019.12.01"]
[Round "10.7"]
[White "Sebag, Marie"]
[Black "Gunina, Valentina"]
[Result "0-1"]
[WhiteElo "2443"]
[BlackElo "2509"]
[Annotator "ChessBase"]
[PlyCount "82"]
[EventDate "2019.11.28"]
[EventType "swiss"]
[EventCountry "MNC"]
[SourceTitle "playchess.com"]
[Source "ChessBase"]
[SourceQuality "1"]
[TimeControl "5400+30"]

1. e4 {[%emt 1:15:11]} c6 {[%emt 1:15:12]} 2. d4 {[%emt 0:00:22]} d5 {[%emt 0:00:21]} 3. e5 {[%emt 0:00:21]} Bf5 {[%emt 0:00:22]} 4. Nf3 {[%emt 0:00:21]} e6 {[%emt 0:00:21]} 5. Be2 {[%emt 0:00:22]} Nd7 {[%emt 0:00:21]} 6. O-O {[%emt 0:00:23]} h6 {[%emt 0:00:21]} 7. Nbd2 {[%emt 0:00:23]} Ne7 {[%emt 0:00:22]} 8. c3 {[%emt 0:00:24]} a5 {[%emt 0:00:21]} 9. a4 {[%emt 0:00:22]} Qc7 {[%emt 0:00:30]} 10. Nb3 {[%emt 0:00:30]} Bh7 {[%emt 0:01:08]} 11. Ne1 {[%emt 0:00:47]} Nf5 {[%emt 0:00:26]} 12. f4 {[%emt 0:02:32]} Be7 {[%emt 0:00:38]} 13. Bd3 {[%emt 0:00:53]} c5 {[%emt 0:01:09]} 14. dxc5 {[%emt 0:00:34]} Nxc5 {[%emt 0:00:56]} 15. Nxc5 {[%emt 0:00:27]} Bxc5+ {[%emt 0:01:39]} 16. Kh1 {[%emt 0:00:22]} h5 {[%emt 0:00:31]} 17. Bb5+ {[%emt 0:01:43]} Ke7 {[%emt 0:00:21]} 18. Rf3 {[%emt 0:03:11]} h4 {[%emt 0:00:30]} 19. Rh3 {[%emt 0:00:27]} Bg6 {[%emt 0:00:26]} 20. b3 {[%emt 0:02:21]} f6 {[%emt 0:01:22]} 21. Nd3 {[%emt 0:01:54]} Ba7 {[%emt 0:00:23]} 22. Qe1 {[%emt 0:01:07]} Kf7 {[%emt 0:00:40]} 23. c4 {[%emt 0:01:26]} d4 {[%emt 0:02:33]} 24. c5 {[%emt 0:01:33]} Bh5 {[%emt 0:00:22]} 25. Bc4 {[%emt 0:00:31]} Rae8 {[%emt 0:00:22]} 26. Nf2 {[%emt 0:01:11]} Bxc5 {[%emt 0:00:35]} 27. Bd2 {[%emt 0:01:10]} b6 {[%emt 0:02:12]} 28. Rc1 {[%emt 0:00:32]} Qb7 {[%emt 0:00:36]} 29. Bd3 {[%emt 0:01:04]} Rc8 {[%emt 0:02:56]} 30. Bxf5 {[%emt 0:00:49]} exf5 {[%emt 0:00:22]} 31. Rxh4 {[%emt 0:00:22]} Bf3 {[%emt 0:00:38]} 32. Rxh8 {[%emt 0:00:50]} Bxg2+ {[%emt 0:00:23]} 33. Kg1 {[%emt 0:00:22]} Rxh8 {[%emt 0:00:21]} 34. Nd3 {[%emt 0:00:33]} Bh3 {[%emt 0:00:47]} 35. Qg3 {[%emt 0:00:36]} Rh6 {[%emt 0:01:08]} 36. Nxc5 {[%emt 0:00:33]} bxc5 {[%emt 0:00:29]} 37. Rxc5 {[%emt 0:00:27]} fxe5 {[%emt 0:01:42]} 38. fxe5 {[%emt 0:00:54]} Rg6 {[%emt 0:00:22]} 39. Bg5 {[%emt 0:00:33]} Qe4 {[%emt 0:00:45]} 40. e6+ {[%emt 0:00:39]} Qxe6 {[%emt 0:00:50]} 41. Re5 {[%emt 0:00:58]} Rxg5 {[%emt 0:00:51]} 0-1

[Event "EWIRCC 2019"]
[Site "Monte-Carlo"]
[Date "2019.12.01"]
[Round "10.8"]
[White "Dornbusch, Tatiana"]
[Black "Bodnaruk, Anastasia"]
[Result "1-0"]
[WhiteElo "2269"]
[BlackElo "2412"]
[Annotator "TA"]
[PlyCount "71"]
[EventDate "2019.11.28"]
[EventType "swiss"]
[EventCountry "MNC"]
[SourceTitle "playchess.com"]
[Source "ChessBase"]
[SourceQuality "1"]

{[%evp 21,71,13,22,13,31,24,20,23,27,27,64,83,106,8,87,58,48,49,53,42,42,32,41,0,206,217,212,206,211,209,204,195,341,339,339,329,568,560,680,675,714,652,900,881,818,581,1090,1106,1074,1062,1333,1250]} 1. d4 Nf6 2. Nf3 g6 3. g3 Bg7 4. Bg2 O-O 5. O-O d6 6. c4 Nc6 7. Nc3 a6 8. h3 Rb8 9. Re1 b5 10. cxb5 axb5 11. e4 b4 12. Nd5 {E63: King's Indian: Fianchetto: Panno Variation with 7...a6} Ne8 (12... e6 13. Nxf6+ Bxf6 14. Bh6 Re8 15. Rc1 Bb7 16. Qd2 Ra8 17. b3 Rb8 18. Rc2 Qd7 19. Rec1 Rec8 {0-1 (57) Cmilyte,V (2514)-Ju,W (2514) Beijing 2013}) 13. Bg5 h6 $1 {[%cal Rh6g5]} 14. Be3 {The position is equal.} e6 15. Nf4 $1 Na5 16. Rc1 Ba6 17. Qa4 $146 (17. b3 $16) ({Predecessor:} 17. b3 Nf6 18. Qc2 g5 19. Ne2 c6 {1-0 (40) Khaje Hesamedini,A (2254)-Guimaraes,W (2221) Rio de Janeiro 2015}) 17... c6 (17... c5 $1 $11 {remains equal.}) 18. Bf1 Bxf1 19. Rxf1 Nf6 20. e5 $36 {[%mdl 2048] White has the initiative.} Ne4 21. exd6 Nxd6 22. Ne5 Bxe5 $2 (22... Nf5 $11 {and Black is okay.}) 23. dxe5 $18 Ndc4 24. Bc5 $1 {[%csl LRb4,LRf8][%mdl 64] [#] Double Attack} Rb5 25. Bxf8 ({Not} 25. Bxb4 Nxb2 26. Bxa5 Nxa4 $11) 25... Qxf8 26. Nd3 Qe7 (26... Kg7 $142 27. Qd1 c5) 27. Rxc4 Nxc4 28. Qa8+ {[%mdl 64] [#] Double Attack} Kg7 $2 (28... Qf8 29. Qxc6 {[%mdl 64] Double Attack} Nxe5 30. Qxb5 {[%mdl 64] Double Attack} Nf3+ 31. Kh1 Qa8) 29. Qxc6 {[%mdl 64] Double Attack. White is clearly winning.} Qb7 30. Qxc4 Rd5 31. Qxb4 Rb5 32. Qc3 Qf3 33. a4 {[%cal Ba2a4,Ba4a5,Ba5a6][%mdl 32]} Rb8 34. a5 Rd8 35. Nc5 Qc6 36. a6 {Accuracy: White = 44%, Black = 32%.} 1-0

[Event "EWIRCC 2019"]
[Site "Monte-Carlo"]
[Date "2019.12.01"]
[Round "10.9"]
[White "Michna, Marta"]
[Black "Kashlinskaya, Alina"]
[Result "0-1"]
[WhiteElo "2366"]
[BlackElo "2486"]
[Annotator "ChessBase"]
[PlyCount "53"]
[EventDate "2019.11.28"]
[EventType "swiss"]
[EventCountry "MNC"]
[SourceTitle "playchess.com"]
[Source "ChessBase"]
[SourceQuality "1"]
[TimeControl "5400+30"]

1. d4 {[%emt 1:15:12]} Nf6 {[%emt 1:15:11]} 2. c3 {[%emt 0:00:24]} d5 {[%emt 0:00:23]} 3. Bf4 {[%emt 0:00:23]} e6 {[%emt 0:00:45]} 4. e3 {[%emt 0:00:43]} Bd6 {[%emt 0:00:22]} 5. Nd2 {[%emt 0:01:02]} O-O {[%emt 0:02:32]} 6. Bg3 {[%emt 0:00:53]} c5 {[%emt 0:00:31]} 7. Bd3 {[%emt 0:01:11]} Nc6 {[%emt 0:00:25]} 8. Ngf3 {[%emt 0:00:22]} b6 {[%emt 0:00:53]} 9. Ne5 {[%emt 0:00:37]} Bb7 {[%emt 0:00:44]} 10. O-O {[%emt 0:01:07]} Qc7 {[%emt 0:00:47]} 11. f4 {[%emt 0:00:53]} Ne7 {[%emt 0:00:23]} 12. Qf3 {[%emt 0:01:18]} Nf5 {[%emt 0:00:28]} 13. Bf2 {[%emt 0:00:38]} Be7 {[%emt 0:00:25]} 14. Qh3 {[%emt 0:06:26]} Nd6 {[%emt 0:01:33]} 15. Rad1 {[%emt 0:01:34]} Nfe4 {[%emt 0:00:47]} 16. dxc5 {[%emt 0:01:27]} bxc5 {[%emt 0:01:22]} 17. c4 {[%emt 0:00:37]} Rad8 {[%emt 0:00:50]} 18. Ndf3 {[%emt 0:01:38]} f6 {[%emt 0:06:23]} 19. Qxe6+ {[%emt 0:01:34]} Kh8 {[%emt 0:00:21]} 20. Bh4 {[%emt 0:00:50]} Bc8 {[%emt 0:01:15]} 21. Qxd5 {[%emt 0:00:21]} fxe5 {[%emt 0:00:29]} 22. fxe5 {[%emt 0:01:19]} Nf5 {[%emt 0:01:29]} 23. Qxe4 {[%emt 0:00:30]} Bb7 {[%emt 0:00:21]} 24. Qg4 {[%emt 0:00:35]} Bxf3 {[%emt 0:00:30]} 25. Rxf3 {[%emt 0:00:38]} Nxh4 {[%emt 0:00:31]} 26. Rh3 {[%emt 0:00:34]} Qxe5 {[%emt 0:00:27]} 27. Qe4 {[%emt 0:00:44]} 0-1

[Event "EWIRCC 2019"]
[Site "Monte-Carlo"]
[Date "2019.12.01"]
[Round "10.10"]
[White "Gaponenko, Inna"]
[Black "Mkrtchian, Lilit"]
[Result "1/2-1/2"]
[WhiteElo "2427"]
[BlackElo "2402"]
[Annotator "TA"]
[PlyCount "84"]
[EventDate "2019.11.28"]
[EventType "swiss"]
[EventCountry "MNC"]
[SourceTitle "playchess.com"]
[Source "ChessBase"]
[SourceQuality "1"]

{[%evp 23,84,0,0,0,0,0,0,0,21,24,37,43,45,39,41,27,22,22,27,19,27,22,43,6,28,2,8,17,9,0,0,0,0,0,0,0,0,0,0,0,0,0,0,0,0,0,0,0,0,0,0,0,0,0,0,0,0,0,0,0,0,0,0]} 1. e4 e6 2. d4 d5 3. exd5 exd5 4. Nf3 Bd6 5. c4 dxc4 6. Bxc4 Nf6 7. O-O O-O 8. Nc3 Nc6 9. h3 h6 10. Re1 Bf5 11. Ne5 Bxe5 12. dxe5 Qxd1 13. Nxd1 {C01: French: Exchange Variation} Nd7 14. f4 Nb6 15. Bf1 Nb4 $146 ({Predecessor:} 15... Rfd8 16. Ne3 Bd3 17. Bd2 Nd5 18. Nxd5 Rxd5 19. Bc3 Rad8 20. e6 Bxf1 21. exf7+ Kxf7 22. Rxf1 g6 23. Rac1 h5 24. Kh2 R8d7 {½-½ (24) Goganov,A (2597)-Genov,P (2433) Finland 2018}) 16. Ne3 Bd3 17. Bd2 Nc6 $1 18. Bxd3 {[#] And now Be4 would win.} Rad8 19. Be4 Rxd2 20. Bxc6 bxc6 21. b3 Rfd8 22. Red1 R8d4 23. g3 a5 24. Kf1 Nd5 {The position is equal.} 25. Rxd2 Rxd2 26. Nxd5 cxd5 $11 {[%mdl 4096] Endgame KR-KR} 27. Rc1 Rxa2 28. Rxc7 Ra3 29. Kf2 Rxb3 30. Rc5 a4 31. Rxd5 g6 32. Rd8+ Kg7 33. Ra8 a3 34. Kg2 h5 35. g4 h4 36. Ra7 Kf8 37. f5 Rg3+ 38. Kh2 gxf5 39. gxf5 Re3 {Strongly threatening ...Re2+.} 40. Kg2 Rxe5 41. Kf3 Rxf5+ {[#]} 42. Kg4 $1 {[%mdl 512]} Rb5 {Accuracy: White = 77%, Black = 61%.} 1/2-1/2